000 00515nam a2200193Ia 4500
005 20260429112252.0
008 260429s9999||||xx |||||||||||||| ||und||
020 _a9781319382803
041 _aEnglish
082 _a910.285
_bSHE
100 _aShellito, Bradley A.
245 0 _aDiscovering GIS and ArcGIS Pro /
_cBradley A. Shellito
250 _a3rd ed.
260 _aNew York :
_bMacmillan International,
_c2021.
300 _axviii, 558 p.; pbk
650 _a ArcGIS Pro
650 _aGIS
942 _cTB
999 _c53222
_d53222